00429nam a22001457a 4500041001200000082001400012100003700026245002100063260003800084300000800122650003100130942000700161952009800168999001700266 aEnglish a239.8 BEN aChristianity and Communism Today aBennett, John C. aNew YorkbAssociation Pressc1948 a188 aChristianity and Communism cBK 00104070aHMIbHMIcGENd2018-04-27g100.00l0o239.8 BENp2858r2018-04-27w2026-01-16yEB c20942d20942